| 000 | 00536cam a2200229 a 4500 | ||
|---|---|---|---|
| 001 | 1932279 | ||
| 005 | 20180109035906.0 | ||
| 008 | 860303s1986 maua j d 000 0 eng | ||
| 010 | _a 86005269 | ||
| 020 | _a0877792801 | ||
| 040 |
_aDLC _cDLC _dDLC |
||
| 041 | _aeng | ||
| 042 | _alcac | ||
| 080 | _aR 423 | ||
| 082 | 0 | 0 |
_aR 423 WEB _219 |
| 100 | _a39 | ||
| 101 | _aREF | ||
| 245 | 0 | 0 | _aWebster's school dictionary. |
| 740 | 0 | _aSchool dictionary. | |
| 906 |
_a7 _bcbc _corignew _d1 _eocip _f19 _gy-gencatlg |
||
| 942 |
_2ddc _cBK |
||
| 999 |
_c39851 _d39851 |
||